| Tag |
First Indicator |
Second Indicator |
Subfields |
| LEADER |
00000cam a2200000 i 4500 |
| 001 |
in00004025321 |
| 005 |
20180718090541.0 |
| 008 |
170407s2018 enk b 001 0 eng d |
| 020 |
|
|
|a 1780408706
|q paperback
|
| 020 |
|
|
|a 9781780408705
|q paperback
|
| 035 |
|
|
|a (OCoLC)on1037102230
|
| 040 |
|
|
|a UBC
|e rda
|c UBC
|d COO
|d BWK
|d TXA
|d UtOrBLW
|
| 049 |
|
|
|a TXAM
|
| 082 |
0 |
|
|a 628.142
|2 23
|
| 090 |
|
|
|a TD418
|b .H36 2018
|
| 100 |
1 |
|
|a Han, M. Y.
|q (Mooyoung),
|c Prof.,
|e author.
|0 http://id.loc.gov/authorities/names/nb2006012091
|
| 245 |
1 |
0 |
|a Hydrological design of multipurpose micro-catchment rainwater management /
|c Mooyoung Han and Duc Canh Nguyen.
|
| 264 |
|
1 |
|a London :
|b IWA Publishing,
|c 2018.
|
| 300 |
|
|
|a xv, 157 pages :
|b illustrations ;
|c 21 cm.
|
| 336 |
|
|
|a text
|b txt
|2 rdacontent
|
| 337 |
|
|
|a unmediated
|b n
|2 rdamedia
|
| 338 |
|
|
|a volume
|b nc
|2 rdacarrier
|
| 504 |
|
|
|a Includes bibliographical references and index.
|
| 650 |
|
0 |
|a Water harvesting.
|0 http://id.loc.gov/authorities/subjects/sh85145564
|
| 650 |
|
0 |
|a Rainwater.
|0 http://id.loc.gov/authorities/subjects/sh85111202
|
| 700 |
1 |
|
|a Nguyễn, Đức Cảnh,
|e author.
|0 http://id.loc.gov/authorities/names/n2006221527
|
| 945 |
|
|
|a PromptCat
|
| 948 |
|
|
|a cataloged
|b h
|c 2018/5/25
|d c
|e dmitchel
|f 3:20:10 pm
|
| 994 |
|
|
|a C0
|b TXA
|
| 999 |
f |
f |
|s c62c805c-cd35-3b21-b6e6-12b4b9db8fca
|i 4a9b4dbf-992e-3768-b566-dec10ffa6c2a
|t 0
|
| 952 |
f |
f |
|p normal
|a Texas A&M University
|b College Station
|c Sterling C. Evans Library
|d Evans: Library Stacks
|t 0
|e TD418 .H36 2018
|h Library of Congress classification
|i unmediated -- volume
|m A14850531295
|
| 998 |
f |
f |
|a TD418 .H36 2018
|t 0
|l Evans: Library Stacks
|